| 000 | 00336nam a2200109Ia 4500 | ||
|---|---|---|---|
| 008 | 171204s9999 xx 000 0 und d | ||
| 245 | _aBeginning Windows 10: Do More with Your PC: | ||
| 245 | _cMike Halsey | ||
| 260 | _c2015 | ||
| 650 | _xADVANCED OPERATING SYSTEM AND NETWORKING | ||
| 856 | _uhttp://down.ebook777.com/057/1484210867.pdf | ||
| 999 |
_c347117 _d347117 |
||